00461nam a2200157Ia 450000500170000000800410001708200130005810000140007124500320008526000300011730000130014750000230016094200060018395200990018999900150028820250318124111.0240331s9999 xx 000 0 und d bKONa894 aKonanghi, 0aPommaikal udaipadum nagaram aShivagangaibAgaramc1992 a160 p ., aKadhaikalin Kadhai cL 001040708LaWERCLbWERCLcSSCd2024-03-31l0o 894.811 KONp3288r2024-03-31w2024-03-31yL c4038d4038